Arbolito the saladillo / (Registro nro. 18049)

Detalles MARC
000 -CABECERA
Campo de control 00767nam a22002297a 4500
005 - FECHA Y HORA DE LA ULTIMA TRANSACCION
Campo de control 20160129142304.0
008 - ELEMENTOS DE LONGITUD FIJA—INFORMACION GENERAL
Campo de control 160129t2010 ck a |r|||| 00| 0 eng d
020 ## - ISBN
ISBN 9789589958902
040 ## - FUENTE DE CATALOGACIÓN
Agencia catalogadora original CO-BoIAVH
Agencia transcriptora CO-BoIAVH
041 0# - IDIOMA
Código de idioma para texto/pista de sonido o título separado Inglés
044 ## - PAÍS DE PUBLICACIÓN
País de publicación Colombia
090 ## - CLASIFICACIÓN LOCAL
Colección EA-
Consecutivo 378
100 1# - ASIENTO PRINCIPAL--NOMBRE PERSONAL
Nombre personal Dombro, Dexter B.
9 (RLIN) 55426
245 10 - MENCION DE TITULO
Título Arbolito the saladillo /
Mención de responsabilidad por Dexter B. Dombro
250 ## - MENCION DE EDICION
Mención de edición 1a. edición
260 ## - PUBLICACION, DISTRIBUCION, ETC. (PIE DE IMPRENTA)
Lugar de publicación, distribución, etc. San José (Costa Rica) :
Nombre del editor, distribuidor, etc. Planeta verde reforestación,
Fecha de publicación, distribución, etc. c2010.
300 ## - DESCRIPCION FISICA
Extensión 23 páginas :
Otros detalles físicos ilustraciones a color ;
Dimensiones 18 x 24 cm.
650 #6 - ASIENTO SECUNDARIO DE MATERIA - TERMINO TEMATICO
Término temático o nombre geográfico como elemento de entrada Recursos naturales
Subdivisión de forma Literatura infantil
9 (RLIN) 55427
650 #6 - ASIENTO SECUNDARIO DE MATERIA - TERMINO TEMATICO
Término temático o nombre geográfico como elemento de entrada Educación ambiental
Subdivisión de forma Literatura infantil
9 (RLIN) 55428
650 #6 - ASIENTO SECUNDARIO DE MATERIA - TERMINO TEMATICO
Término temático o nombre geográfico como elemento de entrada Biodiversidad
Subdivisión de forma Literatura infantil
9 (RLIN) 55429
942 ## - ELEMENTOS ADICIONALES (KOHA)
Sistema de clasificación Dewey Decimal Classification
Tipo de ítem Folleto
Existencias
Withdrawn status Lost status Sistema de Clasificación Damaged status No para préstamo Colección Inventariado Ubicación Permanente Ubicación actual Fecha de adquisición Total Checkouts Número topográfico Inventario / Código de Barras Date last seen Ejemplar Price effective from Forma de adquisición Tipo de material
    Dewey Decimal Classification     Educación Ambiental Inventariado 2017 Sala Fabio Quevedo Sala Fabio Quevedo 29/01/2016   EA-378 039643 29/01/2016 Ej. 1 29/01/2016   Folleto